Formula 1.Every driver from top 10 - Statistics

General Stats
  • This quiz has been taken 369 times
  • The average score is 79 of 164
Answer Stats
country driver % Correct
Argentina Juan Manuel Fangio
96%
Brazil Ayrton Senna
92%
France Alain Prost
90%
Finland Kimi Raikkonen
90%
Austria Niki Lauda
90%
Netherlands Max Verstappen
89%
Germany Michael Schumacher
89%
Germany Ralf Schumacher
89%
Mexico Sergio Perez
89%
Australia Daniel Ricciardo
88%
Spain Fernando Alonso
88%
Netherlands Jos Verstappen
88%
United Kingdom Lewis Hamilton
88%
Canada Gilles Villeneuve
87%
Canada Jacques Villeneuve
87%
Finland Keke Rosberg
87%
Denmark Kevin Magnussen
87%
Germany Nico Rosberg
87%
West Germany Jochen Mass
86%
Poland Robert Kubica
86%
Finland Valtteri Bottas
86%
Finland Mika Hakkinen
85%
Australia Jack Brabham
84%
Australia Mark Webber
84%
Brazil Nelson Piquet
84%
United Kingdom Damon Hill
83%
Brazil Felipe Massa
83%
United Kingdom Graham Hill
83%
Colombia Juan Pablo Montoya
83%
USA Phil Hill
83%
Italy Giuseppe Farina
82%
South Africa Jody Scheckter
82%
Germany Sebastian Vettel
82%
Russia Daniil Kvyat
81%
Brazil Emerson Fittipaldi
81%
USA Mario Andretti
81%
Brazil Rubens Barrichello
80%
Italy Alberto Ascari
79%
New Zealand Denny Hulme
79%
Austria Gerhard Berger
79%
Spain Carlos Sainz Jr.
78%
Australia Alan Jones
77%
Austria Jochen Rindt
77%
Belgium Jacky Ickx
76%
New Zealand Bruce McLaren
74%
United Kingdom Jenson Button
74%
United Kingdom Jim Clark
74%
United Kingdom Jackie Stewart
73%
Finland Heikki Kovalainen
71%
United Kingdom Nigel Mansell
71%
Argentina Carlos Reutemann
70%
Sweden Ronnie Peterson
70%
United Kingdom Stirling Moss
69%
Italy Jarno Trulli
68%
Italy Giancarlo Fisichella
67%
Russia Vitaly Petrov
67%
France Esteban Ocon
66%
United Kingdom James Hunt
66%
United Kingdom Mike Hawthorn
66%
Switzerland Clay Regazzoni
65%
France Jean Alesi
65%
Mexico Pedro Rodríguez
64%
France René Arnoux
64%
Finland Mika Salo
63%
United Kingdom David Coulthard
61%
Germany Heinz-Harald Frentzen
60%
Argentina Jose Froilan Gonzalez
60%
Germany Nico Hülkenberg
60%
United Kingdom John Surtees
59%
France Romain Grosjean
59%
Japan Takuma Sato
59%
Belgium Thierry Boutsen
59%
Germany Nick Heidfeld
55%
Italy Riccardo Patrese
55%
West Germany Wolfgang von Trips
55%
United Kingdom Eddie Irvine
54%
France Olivier Panis
54%
Austria Alexander Wurz
53%
France Jacques Laffite
52%
Italy Michele Alboreto
51%
France Didier Pironi
48%
United Kingdom Johnny Herbert
46%
France Patrick Tambay
46%
New Zealand Chris Amon
45%
France Jean-Pierre Jabouille
44%
United Kingdom John Watson
44%
United Kingdom Tony Brooks
44%
USA Dan Gurney
43%
France François Cevert
43%
United Kingdom Peter Collins
43%
Sweden Stefan Johansson
43%
Germany Timo Glock
43%
Germany Adrian Sutil
41%
Italy Elio de Angelis
41%
Italy Luigi Fagioli
41%
United Kingdom Martin Brundle
41%
France Patrick Depailler
41%
Italy Andrea de Cesaris
38%
Switzerland Jo Siffert
38%
Sweden Gunnar Nilsson
36%
Italy Luigi Musso
36%
France Maurice Trintignant
36%
Italy Alessandro Nannini
35%
Sweden Joakim Bonnier
35%
Italy Lorenzo Bandini
34%
Monaco Louis Chiron
34%
France Jean-Pierre Beltoise
32%
USA Richie Ginther
32%
United Kingdom Mark Blundell
30%
United Kingdom Innes Ireland
29%
USA Peter Revson
29%
Italy Piero Taruffi
29%
Italy Giancarlo Baghetti
28%
USA Bill Vukovich
27%
USA Eddie Cheever
27%
Italy Ludovico Scarfiotti
26%
United Kingdom Peter Gethin
24%
Thailand Prince Bira
24%
United Kingdom Derek Warwick
21%
Italy Eugenio Castellotti
21%
France Jean Behra
20%
Brazil Roberto Moreno
20%
Italy Ivan Capelli
19%
USA Jim Rathmann
18%
USA Pat Flaherty
17%
United Kingdom Tom Pryce
17%
USA Troy Ruttman
17%
Italy Luigi Villoresi
16%
USA Sam Hanks
16%
Mexico Hector Rebaque
15%
USA Johnnie Parsons
15%
West Germany Karl Kling
15%
USA Lee Wallard
15%
Italy Teo Fabi
15%
South Africa Tony Maggs
15%
USA Jimmy Bryan
14%
Italy Stefano Modena
14%
France Louis Rosier
13%
United Kingdom Mike Hailwood
13%
United Kingdom Stuart Lewis-Evans
13%
USA Bob Sweikert
12%
Belgium Paul Frere
12%
Switzerland Rudi Fischer
12%
USA Harry Schell
11%
United Kingdom Mike Spence
11%
Belgium Olivier Gendebien
11%
United Kingdom Peter Arundell
11%
West Germany Hans Herrmann
10%
United Kingdom Roy Salvadori
10%
United Kingdom Reg Parnell
9%
United Kingdom Piers Courage
8%
United Kingdom Trevor Taylor
8%
Italy Felice Bonetto
7%
USA Masten Gregory
7%
France Robert Manzon
7%
Argentina Roberto Mieres
7%
Switzerland Emmanuel de Graffenried
6%
USA Mauri Rose
6%
United Kingdom Peter Whitehead
6%
Spain Francisco Godia
4%
USA Art Cross
2%
USA Bill Holland
2%
United Kingdom Jack Fairman
2%
USA Mike Nazaruk
2%
No matching quizzes found
Score Distribution
Percent of People with Each Score
Percentile by Number Answered
Your Score History
You have not taken this quiz